000 00735nam a2200217 i 4500
001 37383
003 ES-MaACL
005 20250824065254.0
007 t|
008 030220s1971 sp ||||1| spa d
100 1 _aButor, Michel.
_932954
245 1 0 _a6.810.000 litros de agua por segundo
_b: estudio esterofónico /
_cMichel Butor ; traducción de Miguel Bilbatua.
260 _aMadrid :
_bCuadernos para el Diálogo,
_c1971.
300 _a354 p. ;
_c21 cm.
490 1 _aLibros de teatro ;
_v20
700 1 _aBilbatua, Miguel.
_928873
710 2 _aCuadernos para el Diálogo.
_93333
830 1 0 _aLibros de teatro (Cuadernos para el Diálogo)
_v20
_9180757
852 _aES-MaACL
_jC-38965
999 _c37383
_d37383